Triết học Phương Tây Từ điển

.

שמור ב:
מידע ביבליוגרפי
פורמט: ספר
שפה:Vietnamese
יצא לאור: H. Nxb. Kho học xã hội 1996
נושאים:
תגים: הוספת תג
אין תגיות, היה/י הראשונ/ה לתייג את הרשומה!
Thư viện lưu trữ: Mạng thư viện Đại học Đà Nẵng
LEADER 00939nam a2200313 4500
001 000013841
003 10186
005 20120323100300.0
008 120323s1996 viesd
041 0 |a vie 
082 |a 190  |b TRI 
245 0 |a Triết học Phương Tây  |b Từ điển 
260 |a H.  |b Nxb. Kho học xã hội  |c 1996 
300 |a 634tr  |c 19cm 
520 |a . 
653 |a Triết học 
653 |a Phương Tây 
653 |a Hiện đại 
653 |a Từ điển 
OWN |a LSP 
AVA |a UDN50  |b LSP  |d 190 TRI  |e available  |t Error 5001 Not defined in file expand_doc_bib_avail.  |f 1  |g 0  |h N  |i 0  |k 1 
999 |a From the UDN01 
AVA |a UDN50  |b LSP  |d 190 TRI  |e available  |t Error 5001 Not defined in file expand_doc_bib_avail.  |f 1  |g 0  |h N  |i 0  |k 1 
TYP |a Monograph 
TYP |a Printed language 
980 |a Mạng thư viện Đại học Đà Nẵng